000 00551cam a2200181 a 4500
020 _a2841293459
040 _cFUG
082 0 0 _a034 HAC 1997 A002 Or.
245 0 0 _aDictionnaire universel francophone /
260 _a[Paris] :
_bHachette/Edicef ;
_bAUPELF/UREF,
_c1997.
300 _axii, 1554 p. :
_bcol. ill., maps ;
_c24 cm.
650 0 _aFrench language
700 1 _aGuillou, Michel.
700 1 _aMoingeon, Marc.
700 1 _aDemougin, Jacques.
710 2 _aAgence francophone pour l'enseignement supérieur et la recherche.
942 _cEK
999 _c16783
_d16783